[Event "25th Chicago Open"]
[Site "Wheeling, IL"]
[Date "2016.05.28"]
[Round "4"]
[White "Ghatti, Sanjay"]
[Black "Santarius, Erik"]
[Result "0-1"]
[WhiteElo "2150"]
[BlackElo "2302"]
[PlyCount "108"]
[EventDate "2016.05.??"]
[EventType "swiss"]
[EventRounds "9"]
[EventCountry "USA"]
[Source "MonRoi"]

1. e4 c6 2. d4 d5 3. Nd2 dxe4 4. Nxe4 Bf5 5. Ng3 Bg6 6. Nf3 Nd7 7. h4 h6 8. h5
Bh7 9. Bd3 Bxd3 10. Qxd3 e6 11. Bd2 Ngf6 12. O-O-O Be7 13. Kb1 O-O 14. Ne4 Nxe4
15. Qxe4 Nf6 16. Qe2 Qd5 17. Be3 Qb5 18. c4 Qf5+ 19. Ka1 Ng4 20. d5 cxd5 21.
cxd5 exd5 22. Bxh6 gxh6 23. Qxe7 Nxf2 24. Qxb7 Nxd1 25. Rxd1 Qxh5 26. a3 Rfd8
27. Rd4 Rab8 28. Qc7 Qh1+ 29. Ka2 Qxg2 30. Rb4 Rxb4 31. Qxd8+ Kg7 32. axb4 Qxf3
33. Qc7 Qe3 34. Qd7 Qd4 35. Ka3 Qd3+ 36. Ka2 Qc4+ 37. Ka3 a6 38. Qd6 h5 39.
Qe5+ Kg6 40. Qg3+ Kf5 41. Qf3+ Kg5 42. Qxf7 h4 43. Qg7+ Kf4 44. Qh6+ Kf3 45.
Qh5+ Ke3 46. Qg5+ Kd3 47. Qf5+ Kd2 48. Qf2+ Kc1 49. Qe1+ Kc2 50. Qf2+ Kb1 51.
Qg1+ Qc1 52. Qg6+ Ka1 53. Qf6 h3 54. Kb3 Qc4+ 0-1

[Event "25th Chicago Open"]
[Site "Wheeling, IL"]
[Date "2016.05.28"]
[Round "4"]
[White "Zaloznyy, Mike"]
[Black "Niemann, Hans"]
[Result "0-1"]
[WhiteElo "2170"]
[BlackElo "2298"]
[PlyCount "66"]
[EventDate "2016.05.??"]
[EventType "swiss"]
[EventRounds "9"]
[EventCountry "USA"]
[Source "MonRoi"]

1. e4 e6 2. d3 d5 3. Nd2 c5 4. Ngf3 Nc6 5. g3 Bd6 6. Bg2 Nge7 7. O-O O-O 8. Re1
Qc7 9. Qe2 f6 10. Bh3 e5 11. Bxc8 Raxc8 12. exd5 Nxd5 13. Nc4 Be7 14. Qe4 Qd7
15. Ne3 Rfd8 16. Nf5 Bf8 17. c3 Nc7 18. Rd1 Ne6 19. Ne3 Qf7 20. a3 g6 21. b4 f5
22. Qh4 Be7 23. Qh3 b5 24. a4 a6 25. axb5 axb5 26. Ra6 Bf6 27. bxc5 Nxc5 28.
Rb6 Na4 29. Rxc6 Rxc6 30. c4 bxc4 31. dxc4 Rxd1+ 32. Nxd1 Qxc4 33. Bg5 Qd5 0-1

[Event "25th Chicago Open"]
[Site "Wheeling, IL"]
[Date "2016.05.28"]
[Round "4"]
[White "Iwu, Okechukwu"]
[Black "Foisor, Sabina-francesca"]
[Result "1/2-1/2"]
[WhiteElo "2132"]
[BlackElo "2286"]
[PlyCount "66"]
[EventDate "2016.05.??"]
[EventType "swiss"]
[EventRounds "9"]
[EventCountry "USA"]
[Source "MonRoi"]

1. d4 d5 2. Nf3 e6 3. c4 Nf6 4. g3 Be7 5. Bg2 O-O 6. O-O c6 7. Qc2 b6 8. Rd1
Bb7 9. Nc3 Na6 10. Ne5 Rc8 11. a3 Nd7 12. Nxd7 Qxd7 13. Qa4 Rfd8 14. Bf4 g5 15.
Be3 Bf6 16. Rac1 Qe7 17. cxd5 exd5 18. Bh3 Ra8 19. b4 c5 20. bxc5 bxc5 21. dxc5
d4 22. Bxd4 Rxd4 23. Rxd4 Nxc5 24. Rd7 Nxa4 25. Rxe7 Nxc3 26. Rxc3 Bxe7 27. Rc7
Bxa3 28. Rxb7 a5 29. Bg2 Rd8 30. Rb5 Rd1+ 31. Bf1 Bb4 32. Rxg5+ Kf8 33. Rb5 Bc3
1/2-1/2

[Event "25th Chicago Open"]
[Site "Wheeling, IL"]
[Date "2016.05.28"]
[Round "4"]
[White "Narayanan, Saumik"]
[Black "Colas, Joshua"]
[Result "0-1"]
[WhiteElo "1868"]
[BlackElo "2387"]
[PlyCount "76"]
[EventDate "2016.05.??"]
[EventType "swiss"]
[EventRounds "9"]
[EventCountry "USA"]
[Source "MonRoi"]

1. d4 Nf6 2. c4 e6 3. Nc3 Bb4 4. f3 O-O 5. a3 Bxc3+ 6. bxc3 d5 7. cxd5 exd5 8.
e3 Bf5 9. Ne2 c5 10. Ng3 Bg6 11. Bd3 Qa5 12. Bxg6 hxg6 13. Bd2 Nc6 14. O-O Rad8
15. Ne2 Qc7 16. Nf4 Na5 17. Qa4 b6 18. Rfd1 Rfe8 19. Rac1 g5 20. Nd3 Nc4 21.
dxc5 bxc5 22. Qb5 Rc8 23. Nf2 Rb8 24. Qa4 Nb2 25. Qc2 Nxd1 26. Rxd1 g4 27. fxg4
Ne4 28. c4 Nxd2 29. Qxd2 dxc4 30. Qc1 Rbd8 31. Rxd8 Qxd8 32. Qxc4 Rxe3 33. g3
Re1+ 34. Kg2 Qa8+ 35. Kh3 Re6 36. g5 Qc6 37. Nd3 Re4 38. Qc2 Qe6+ 0-1

[Event "25th Chicago Open"]
[Site "Wheeling, IL"]
[Date "2016.05.28"]
[Round "4"]
[White "Hoover, Nathan"]
[Black "Haessel, Dale"]
[Result "0-1"]
[WhiteElo "2049"]
[BlackElo "2234"]
[PlyCount "64"]
[EventDate "2016.05.??"]
[EventType "swiss"]
[EventRounds "9"]
[EventCountry "USA"]
[Source "MonRoi"]

1. d4 Nf6 2. Nf3 g6 3. c4 Bg7 4. Nc3 d5 5. Qb3 dxc4 6. Qxc4 O-O 7. e4 Bg4 8.
Ne5 Be6 9. Qa4 c6 10. Be3 Nfd7 11. Nxd7 Nxd7 12. Qc2 Nb6 13. O-O-O Nc4 14. Bxc4
Bxc4 15. h4 Qa5 16. Kb1 b5 17. h5 Rfd8 18. f4 Rab8 19. b3 c5 20. e5 Be6 21.
hxg6 hxg6 22. Ka1 Bf5 23. Qb2 cxd4 24. Rxd4 b4 25. Ne2 Rbc8 26. Rc1 Rxc1+ 27.
Qxc1 f6 28. Qc5 Rxd4 29. Qxa5 Rd1+ 30. Nc1 fxe5 31. fxe5 e6 32. Bf4 g5 0-1

[Event "25th Chicago Open"]
[Site "Wheeling, IL"]
[Date "2016.05.28"]
[Round "5.1"]
[White "Belous, Vladimir"]
[Black "Petrosian, Tigran"]
[Result "1/2-1/2"]
[WhiteElo "2557"]
[BlackElo "2593"]
[PlyCount "57"]
[EventDate "2016.05.??"]
[EventType "swiss"]
[EventRounds "9"]
[EventCountry "USA"]
[Source "MonRoi"]
[WhiteClock "0:34:18"]
[BlackClock "0:59:58"]

1. Nf3 d6 2. d4 Bg4 3. e4 Nf6 4. Bd3 e6 5. h3 Bh5 6. Qe2 Be7 7. Nbd2 Nc6 8. c3
a6 9. g4 Bg6 10. h4 d5 11. h5 Bxe4 12. Nxe4 dxe4 13. Bxe4 Nxe4 14. Qxe4 Qd5 15.
Qxd5 exd5 16. Bf4 Kd7 17. Kd2 Rae8 18. Rae1 Bd8 19. Bg5 Rxe1 20. Rxe1 f6 21.
Be3 g5 22. Ng1 f5 23. gxf5 Rf8 24. Ne2 Rxf5 25. Rg1 Be7 26. Ng3 Rf7 27. Ne2 Rf5
28. Ng3 Rf7 29. Ne2 1/2-1/2

[Event "25th Chicago Open"]
[Site "Wheeling, IL"]
[Date "2016.05.28"]
[Round "5.2"]
[White "Moradiabadi, Elshan"]
[Black "Durarbayli, Vasif"]
[Result "0-1"]
[WhiteElo "2594"]
[BlackElo "2596"]
[PlyCount "96"]
[EventDate "2016.05.??"]
[EventType "swiss"]
[EventRounds "9"]
[EventCountry "USA"]
[Source "MonRoi"]
[WhiteClock "0:27:43"]
[BlackClock "1:12:08"]

1. Nf3 Nf6 2. d4 e6 3. e3 c5 4. c4 cxd4 5. exd4 d5 6. Nc3 Bb4 7. cxd5 Nxd5 8.
Bd2 O-O 9. Bd3 Nc6 10. O-O Be7 11. a3 Bf6 12. Qc2 g6 13. Bh6 Re8 14. Rad1 Nce7
15. Ne4 Bg7 16. Bxg7 Kxg7 17. Rfe1 Qc7 18. Qd2 Qf4 19. Qe2 Nf5 20. Nc5 b6 21.
Bb5 Re7 22. Bc6 Rb8 23. Nd3 Qd6 24. Bxd5 exd5 25. Qc2 Re4 26. Nde5 Bb7 27. Qa4
a6 28. Qd7 Qxd7 29. Nxd7 Rbe8 30. Nxb6 Nxd4 31. Rxe4 Nxf3+ 32. gxf3 dxe4 33.
fxe4 Rxe4 34. h3 Re5 35. Rd3 Re1+ 36. Kh2 Re2 37. Kg3 Rxb2 38. Nc4 Rb1 39. Ne3
Rg1+ 40. Kh2 Rh1+ 41. Kg3 Bc6 42. Rc3 Bd7 43. Rc7 Bxh3 44. Rc6 h5 45. Rxa6 h4+
46. Kf4 Rg1 47. Rd6 Be6 48. Rd1 g5+ 0-1

[Event "25th Chicago Open"]
[Site "Wheeling, IL"]
[Date "2016.05.28"]
[Round "5.3"]
[White "Stukopin, Andrey"]
[Black "Perelshteyn, Eugene"]
[Result "1/2-1/2"]
[WhiteElo "2595"]
[BlackElo "2525"]
[PlyCount "53"]
[EventDate "2016.05.??"]
[EventType "swiss"]
[EventRounds "9"]
[EventCountry "USA"]
[Source "MonRoi"]
[WhiteClock "0:41:47"]
[BlackClock "0:34:39"]

1. e4 c5 2. Nf3 d6 3. d4 cxd4 4. Nxd4 Nf6 5. Nc3 Nc6 6. Bg5 g6 7. Bxf6 exf6 8.
Bc4 Bg7 9. Ndb5 O-O 10. O-O f5 11. Nxd6 Bxc3 12. bxc3 fxe4 13. Re1 Bf5 14. Nxe4
Bxe4 15. Rxe4 Qf6 16. Qe1 Rad8 17. Rb1 Rd7 18. h4 Na5 19. Bd3 b6 20. Rbb4 Nb7
21. Rf4 Qd8 22. Rbd4 Qc7 23. Rxd7 Qxd7 24. Qe5 Re8 25. Qd4 Re1+ 26. Kh2 Qe7 27.
h5 1/2-1/2

[Event "25th Chicago Open"]
[Site "Wheeling, IL"]
[Date "2016.05.28"]
[Round "5.4"]
[White "Lee, Michael"]
[Black "Nyzhnyk, Illia"]
[Result "0-1"]
[WhiteElo "2433"]
[BlackElo "2622"]
[PlyCount "34"]
[EventDate "2016.05.??"]
[EventType "swiss"]
[EventRounds "9"]
[EventCountry "USA"]
[Source "MonRoi"]
[WhiteClock "1:07:07"]
[BlackClock "1:34:18"]

1. c4 e5 2. g3 Nf6 3. Bg2 c6 4. Nf3 e4 5. Nd4 d5 6. d3 dxc4 7. dxe4 Bc5 8. e3
O-O 9. O-O Re8 10. Qc2 Bxd4 11. Rd1 c5 12. exd4 cxd4 13. Be3 Nc6 14. Bxd4 Bg4
15. f3 Bxf3 16. Rd2 Nxd4 17. Qxc4 Rxe4 0-1

[Event "25th Chicago Open"]
[Site "Wheeling, IL"]
[Date "2016.05.28"]
[Round "5"]
[White "Zhou, Jianchao"]
[Black "Li, Ruifeng"]
[Result "1-0"]
[WhiteElo "2617"]
[BlackElo "2517"]
[PlyCount "133"]
[EventDate "2016.05.??"]
[EventType "swiss"]
[EventRounds "9"]
[EventCountry "USA"]
[Source "MonRoi"]

1. d4 Nf6 2. c4 e6 3. Nc3 Bb4 4. Qc2 O-O 5. a3 Bxc3+ 6. Qxc3 b6 7. Bg5 h6 8.
Bh4 Bb7 9. f3 d5 10. e3 Re8 11. Bd3 Nbd7 12. Ne2 e5 13. cxd5 Nxd5 14. Bxd8 Nxc3
15. bxc3 Raxd8 16. Kf2 Bc6 17. Bc2 Bb5 18. Rhd1 Nf6 19. e4 Kf8 20. Ng3 g6 21.
a4 Bc4 22. Nf1 Bxf1 23. Kxf1 a5 24. Rd3 Nd7 25. Rad1 Nb8 26. Bb3 f6 27. Bc4 Rd6
28. Bb5 c6 29. Bc4 Nd7 30. Kf2 Rb8 31. Rb1 Re8 32. g3 Re7 33. Ba6 Re8 34. Ke3
Ra8 35. Bc4 f5 36. exf5 gxf5 37. Kf2 Re8 38. dxe5 Rxd3 39. Bxd3 Rxe5 40. f4 Rc5
41. c4 Ke7 42. Ke3 Kd6 43. Kd4 Kc7 44. Re1 Kd6 45. Re8 Nf6 46. Rh8 h5 47. Be2
Ne4 48. Rxh5 b5 49. Bd3 Kc7 50. cxb5 Rd5+ 51. Ke3 Nd6 52. bxc6 Kxc6 53. h3 Kc5
54. g4 Kb4 55. g5 Kc3 56. Be2 Rd4 57. Rh6 Re4+ 58. Kf3 Ne8 59. Bb5 Ng7 60. h4
Kd2 61. h5 Ne6 62. Rxe6 Rxe6 63. g6 Re3+ 64. Kg2 Re7 65. h6 Re6 66. g7 Rg6+ 67.
Kf3 1-0

[Event "25th Chicago Open"]
[Site "Wheeling, IL"]
[Date "2016.05.28"]
[Round "5"]
[White "Kleiman, Jake"]
[Black "Zherebukh, Yaroslav"]
[Result "1/2-1/2"]
[WhiteElo "2378"]
[BlackElo "2595"]
[PlyCount "78"]
[EventDate "2016.05.??"]
[EventType "swiss"]
[EventRounds "9"]
[EventCountry "USA"]
[Source "MonRoi"]

1. e4 d6 2. d4 Nf6 3. Nc3 g6 4. Nf3 Bg7 5. Be2 O-O 6. O-O c6 7. a4 Qc7 8. h3 e5
9. dxe5 dxe5 10. Be3 Nbd7 11. Bc4 b6 12. Qd2 Bb7 13. Rfd1 Rfe8 14. Qe2 Nf8 15.
Ba6 Bxa6 16. Qxa6 Ne6 17. Rd2 Bf8 18. Rad1 Bb4 19. Qc4 Bxc3 20. bxc3 Rad8 21.
Rxd8 Rxd8 22. Rd3 Ne8 23. Ng5 Nxg5 24. Bxg5 Rd7 25. Rxd7 Qxd7 26. Qd3 Nd6 27.
f3 Kg7 28. Kh2 a5 29. Qd2 Qe6 30. Bh6+ Kg8 31. c4 c5 32. Qd3 f6 33. h4 Kf7 34.
Qb3 Nxc4 35. Qb5 f5 36. Qa6 fxe4 37. Qb7+ Qe7 38. Qd5+ Qe6 39. Qb7+ Qe7 1/2-1/2

[Event "25th Chicago Open"]
[Site "Wheeling, IL"]
[Date "2016.05.28"]
[Round "5"]
[White "Shabalov, Alexander"]
[Black "Bryant, John"]
[Result "0-1"]
[WhiteElo "2533"]
[BlackElo "2439"]
[PlyCount "102"]
[EventDate "2016.05.??"]
[EventType "swiss"]
[EventRounds "9"]
[EventCountry "USA"]
[Source "MonRoi"]

1. c4 e6 2. d4 d5 3. Nc3 Nf6 4. Nf3 Be7 5. e3 O-O 6. Bd3 dxc4 7. Bxc4 c5 8. O-O
cxd4 9. exd4 Nc6 10. a3 Nd5 11. Bd3 Bf6 12. Be4 Nce7 13. h4 Bd7 14. Qd3 g6 15.
Bh6 Bg7 16. Bxg7 Kxg7 17. Ne5 Be8 18. Rfe1 f6 19. Nf3 Bc6 20. Rac1 Qd7 21. Qe2
Rfe8 22. Bb1 Nf5 23. Ne4 h5 24. Nc5 Qf7 25. b4 Nf4 26. Qd2 Nxg2 27. Re4 Ngxh4
28. Nxh4 Bxe4 29. Bxe4 Nxh4 30. Nxb7 Nf5 31. Qf4 Nxd4 32. Qe3 e5 33. Nd6 Qd7
34. Nxe8+ Rxe8 35. Kh2 f5 36. Bg2 Qe7 37. Rc5 Qf6 38. Kg1 Re7 39. b5 f4 40. Qe4
f3 41. Bf1 Qf5 42. Bd3 Qg5+ 43. Kf1 h4 44. Rc8 Qf5 45. Rd8 Qxe4 46. Bxe4 Nxb5
47. Bxf3 Nxa3 48. Be4 Nb5 49. Kg2 Rf7 50. Bd3 Nd4 51. Bc4 Rc7 0-1

[Event "25th Chicago Open"]
[Site "Wheeling, IL"]
[Date "2016.05.28"]
[Round "5"]
[White "Chirila, Ioan"]
[Black "Shmelov, Denys"]
[Result "1-0"]
[WhiteElo "2530"]
[BlackElo "2406"]
[PlyCount "113"]
[EventDate "2016.05.??"]
[EventType "swiss"]
[EventRounds "9"]
[EventCountry "USA"]
[Source "MonRoi"]

1. d4 d5 2. c4 c6 3. Nf3 Nf6 4. Nc3 dxc4 5. a4 Bf5 6. e3 e6 7. Bxc4 Bb4 8. O-O
Nbd7 9. Qe2 O-O 10. e4 Bg6 11. Bd3 Bh5 12. e5 Nd5 13. Nxd5 cxd5 14. Qe3 Re8 15.
Ng5 Bg6 16. Bxg6 fxg6 17. a5 Nf8 18. Qf3 Re7 19. a6 Qb6 20. Qd3 Rc8 21. Be3 Rc6
22. Rfc1 Rec7 23. Rxc6 Rxc6 24. axb7 Qxb7 25. h4 Be7 26. Bd2 Bd8 27. Bc3 Rc4
28. Ne4 Be7 29. g3 Rc6 30. Ng5 Bd8 31. Kg2 Bxg5 32. hxg5 Rc4 33. Qb1 Rc7 34.
Qa2 Rf7 35. Qa4 h6 36. gxh6 gxh6 37. Qa6 Qb3 38. Qd3 g5 39. Rh1 Kg7 40. Qe2 Ng6
41. Ra1 Qb7 42. Ra6 Nf8 43. Ra4 Nd7 44. Ra1 Nf8 45. Rh1 Qe7 46. Bd2 Nh7 47. Qh5
Kg8 48. Qxh6 Rg7 49. Qh5 Rf7 50. Rc1 Kg7 51. Rc6 Rf5 52. Ba5 Rf7 53. Rc7 Qe8
54. Rxa7 Qg8 55. Rxf7+ Qxf7 56. Qxf7+ Kxf7 57. Kf3 1-0

[Event "25th Chicago Open"]
[Site "Wheeling, IL"]
[Date "2016.05.28"]
[Round "5"]
[White "Rosen, Eric"]
[Black "Carmenate, Holden"]
[Result "1-0"]
[WhiteElo "2392"]
[BlackElo "2518"]
[PlyCount "65"]
[EventDate "2016.05.??"]
[EventType "swiss"]
[EventRounds "9"]
[EventCountry "USA"]
[Source "MonRoi"]

1. d4 Nf6 2. Nf3 e6 3. Bf4 c5 4. e3 Nc6 5. Nc3 cxd4 6. exd4 a6 7. d5 exd5 8. a3
d6 9. Nxd5 Be6 10. Nc3 d5 11. Bd3 h6 12. O-O Bc5 13. Ne2 Nh5 14. Qd2 Nxf4 15.
Nxf4 O-O 16. Rfe1 Qd6 17. b4 Ba7 18. c4 Rad8 19. c5 Qd7 20. Bc2 Bf5 21. Rad1 d4
22. Bb3 Bb8 23. Nd5 Bg4 24. Qd3 Bxf3 25. Qxf3 Rfe8 26. Qd3 Qg4 27. Bc2 Rxe1+
28. Rxe1 Qg6 29. Ne7+ Nxe7 30. Rxe7 Kf8 31. Qxg6 fxg6 32. Rxb7 Bf4 33. Bd3 1-0

[Event "25th Chicago Open"]
[Site "Wheeling, IL"]
[Date "2016.05.28"]
[Round "5"]
[White "Tan, Justin"]
[Black "Mulyar, Michael"]
[Result "1/2-1/2"]
[WhiteElo "2469"]
[BlackElo "2388"]
[PlyCount "41"]
[EventDate "2016.05.??"]
[EventType "swiss"]
[EventRounds "9"]
[EventCountry "USA"]
[Source "MonRoi"]

1. e4 e5 2. Nf3 Nc6 3. Bb5 a6 4. Ba4 Nf6 5. O-O b5 6. Bb3 Bc5 7. c3 d6 8. a4
Rb8 9. d4 Bb6 10. axb5 axb5 11. Na3 O-O 12. Nxb5 Bg4 13. Bc2 exd4 14. Nbxd4
Nxd4 15. cxd4 Bxf3 16. gxf3 Nh5 17. Kh1 Qf6 18. Be3 g6 19. Ra4 Ra8 20. Rb4 Ra1
21. Qxa1 1/2-1/2

[Event "25th Chicago Open"]
[Site "Wheeling, IL"]
[Date "2016.05.28"]
[Round "5"]
[White "Mitkov, Nikola"]
[Black "Ludwig, John"]
[Result "0-1"]
[WhiteElo "2468"]
[BlackElo "2348"]
[PlyCount "66"]
[EventDate "2016.05.??"]
[EventType "swiss"]
[EventRounds "9"]
[EventCountry "USA"]
[Source "MonRoi"]

1. e4 c5 2. Nc3 d6 3. f4 g6 4. Nf3 Bg7 5. Bb5+ Bd7 6. Bc4 Nc6 7. d3 Na5 8. Bd2
Nxc4 9. dxc4 Nf6 10. O-O O-O 11. Qe1 Bc6 12. Rd1 Nd7 13. f5 e6 14. Bg5 Qb6 15.
b3 Rae8 16. Rxd6 exf5 17. Nd5 Qa6 18. Ne7+ Rxe7 19. Bxe7 Re8 20. exf5 Qxa2 21.
fxg6 hxg6 22. Rxg6 fxg6 23. Qe6+ Kh8 24. Ng5 Nf6 25. Rxf6 Qb1+ 26. Kf2 Qxc2+
27. Ke3 Rxe7 28. Nf7+ Rxf7 29. Qc8+ Kh7 30. Rxf7 Qxb3+ 31. Kf2 Qc2+ 32. Ke1
Qc1+ 33. Kf2 Qd2+ 0-1

[Event "25th Chicago Open"]
[Site "Wheeling, IL"]
[Date "2016.05.28"]
[Round "5"]
[White "Schmakel, Sam"]
[Black "Bregadze, Levan"]
[Result "0-1"]
[WhiteElo "2349"]
[BlackElo "2467"]
[PlyCount "154"]
[EventDate "2016.05.??"]
[EventType "swiss"]
[EventRounds "9"]
[EventCountry "USA"]
[Source "MonRoi"]

1. d4 g6 2. e4 Bg7 3. Nc3 c6 4. Nf3 d5 5. h3 dxe4 6. Nxe4 Nf6 7. Ng3 c5 8. dxc5
Qxd1+ 9. Kxd1 Nbd7 10. c3 O-O 11. Kc2 Nxc5 12. Be3 b6 13. Bxc5 bxc5 14. Re1 Be6
15. Rxe6 fxe6 16. Ng5 Ne8 17. f3 Nd6 18. N3e4 Rf5 19. Nxd6 exd6 20. Nxe6 Kh8
21. Bc4 d5 22. Bd3 Re5 23. Nxc5 Rc8 24. Nb3 d4 25. c4 a5 26. Nd2 a4 27. Ra1 Rg5
28. g4 Re5 29. Be4 a3 30. Rb1 axb2 31. Kd3 Ra5 32. Rxb2 Ra4 33. Rc2 Rc7 34. c5
Rca7 35. Bd5 Re7 36. Ne4 Ra3+ 37. Bb3 Rf7 38. Ng5 Re7 39. Ne4 Rf7 40. Ng5 Re7
41. c6 Bf6 42. f4 Re3+ 43. Kd2 Bxg5 44. fxg5 Ra8 45. Rc4 Re7 46. Rxd4 Kg7 47.
Kd3 Rc7 48. Rd6 Kf8 49. Kd4 Ke7 50. Ke5 Rd8 51. Re6+ Kf8 52. Bd5 Re7 53. a4 Ra7
54. Rf6+ Ke8 55. Rd6 Rb8 56. Rf6 Rc8 57. Kd6 Rd8+ 58. Ke5 Rc8 59. Rf4 Rb8 60.
Rc4 Ke7 61. Rf4 Ke8 62. Be6 Rd8 63. Bd7+ Ke7 64. Rc4 Ra5+ 65. Kf4 Rda8 66. Re4+
Kd6 67. Re6+ Kc7 68. Re7 Rf8+ 69. Ke3 Kd6 70. Re6+ Kc7 71. Re7 Rxa4 72. Rxh7
Kd6 73. Rg7 Ra3+ 74. Ke4 Ra4+ 75. Ke3 Ra3+ 76. Ke4 Rff3 77. Rxg6+ Kc5 0-1

[Event "25th Chicago Open"]
[Site "Wheeling, IL"]
[Date "2016.05.28"]
[Round "5"]
[White "Sarkar, Justin"]
[Black "Lederer, Yoav"]
[Result "0-1"]
[WhiteElo "2430"]
[BlackElo "2323"]
[PlyCount "110"]
[EventDate "2016.05.??"]
[EventType "swiss"]
[EventRounds "9"]
[EventCountry "USA"]
[Source "MonRoi"]

1. d4 d5 2. c4 c6 3. Nf3 Nf6 4. Nc3 dxc4 5. a4 Bf5 6. Ne5 Nbd7 7. Nxc4 Nb6 8.
Ne5 a5 9. f3 Nfd7 10. Nxd7 Nxd7 11. e4 Bg6 12. Be3 Qb6 13. Qd2 e5 14. h4 h5 15.
dxe5 Bc5 16. Bxc5 Qxc5 17. e6 fxe6 18. Qg5 Qxg5 19. hxg5 Ke7 20. Kf2 e5 21. g3
Nc5 22. Rh4 Rhd8 23. Ke3 Nb3 24. Re1 Rd2 25. Re2 Rad8 26. Rxd2 Rxd2 27. f4 Rxb2
28. f5 Rc2 29. Nd1 Be8 30. g6 b5 31. axb5 cxb5 32. Rxh5 a4 33. Rh7 a3 34. Rxg7+
Kf8 35. Ra7 a2 36. Bd3 Rg2 37. Nc3 Rxg3+ 38. Kf2 Rxd3 39. Nxa2 Nc5 40. g7+ Kg8
41. Ra8 Kxg7 42. Rxe8 Rd2+ 43. Ke3 Rxa2 44. Rxe5 Rc2 45. Re8 b4 46. e5 Kf7 47.
Rb8 b3 48. Kd4 b2 49. f6 Kg6 50. Rg8+ Kf5 51. Rb8 Ke6 52. Rb6+ Kf7 53. Rb8 Na4
54. Rb7+ Kg6 55. f7 Rc8 0-1

[Event "25th Chicago Open"]
[Site "Wheeling, IL"]
[Date "2016.05.28"]
[Round "5"]
[White "Larson, Matthew"]
[Black "Kiewra, Keaton"]
[Result "1-0"]
[WhiteElo "2306"]
[BlackElo "2425"]
[PlyCount "109"]
[EventDate "2016.05.??"]
[EventType "swiss"]
[EventRounds "9"]
[EventCountry "USA"]
[Source "MonRoi"]

1. d4 Nf6 2. c4 g6 3. Nc3 Bg7 4. e4 d6 5. Be2 O-O 6. Nf3 Na6 7. O-O e5 8. Be3
Ng4 9. Bg5 Qe8 10. Nd5 f6 11. Bh4 c6 12. Nc3 Nh6 13. d5 Qe7 14. a3 g5 15. Bg3
f5 16. exf5 Nxf5 17. Nd2 Nc5 18. Nde4 Nxe4 19. Nxe4 Nd4 20. Bg4 Bf5 21. Bxf5
Rxf5 22. Qg4 Raf8 23. Rad1 c5 24. Rfe1 Nc2 25. Re2 Nd4 26. Ree1 Nc2 27. Re2 Nd4
28. Re3 Nc2 29. Red3 Nd4 30. h4 gxh4 31. Bxh4 Qc7 32. Bg5 R8f7 33. Rh3 Kh8 34.
Qh4 Bf8 35. Bf6+ R5xf6 36. Nxf6 Qe7 37. Ne4 Qd7 38. Qh5 Rf5 39. Qg4 Qf7 40. Re1
a5 41. Ree3 Be7 42. Rh1 Rf4 43. Qc8+ Qf8 44. Qxb7 Nf5 45. Re1 Qg8 46. Qb3 Nh4
47. Ng3 Qg4 48. Qb8+ Kg7 49. Qe8 Rf7 50. Re4 Qd1+ 51. Kh2 Qd2 52. Nh5+ Kg6 53.
Qg8+ Kxh5 54. Qxf7+ Ng6 55. Kg3+ 1-0

[Event "25th Chicago Open"]
[Site "Wheeling, IL"]
[Date "2016.05.28"]
[Round "5"]
[White "Mandizha, Farai"]
[Black "Kretchetov, Alexandre"]
[Result "1-0"]
[WhiteElo "2368"]
[BlackElo "2246"]
[PlyCount "107"]
[EventDate "2016.05.??"]
[EventType "swiss"]
[EventRounds "9"]
[EventCountry "USA"]
[Source "MonRoi"]

1. c4 e5 2. Nc3 Nc6 3. g3 d6 4. Bg2 Be6 5. d3 Qd7 6. e3 g6 7. Nd5 Bg7 8. h4 h6
9. Ne2 Nd8 10. e4 Ne7 11. h5 c6 12. Nxe7 Qxe7 13. hxg6 fxg6 14. Be3 Nf7 15. Qd2
O-O 16. Nc3 a6 17. a4 g5 18. a5 g4 19. Na4 Ng5 20. Nb6 Rad8 21. O-O-O Qf6 22.
Rh5 Qg6 23. Rdh1 Nh3 24. Rh4 h5 25. f3 Bf6 26. fxg4 Bxh4 27. Rxh3 Be7 28. gxh5
Qg4 29. Kb1 Rf7 30. Ka2 Rdf8 31. Rh1 Qxg3 32. Bh3 Bxh3 33. Rg1 Qxg1 34. Bxg1
Kh7 35. Be3 Rg8 36. h6 Rg2 37. Qd1 Bg4 38. Qb3 Rf3 39. c5 d5 40. exd5 Rxe3 41.
dxc6 bxc6 42. Qf7+ Kxh6 43. Qxe7 Rxd3 44. Qf6+ Kh7 45. Nc4 Bh5 46. Qxc6 Re2 47.
Qb7+ Kg8 48. c6 Bf3 49. Qb8+ Kg7 50. c7 Bg4 51. c8=Q Bxc8 52. Qxc8 Rd4 53. Qxa6
Rc2 54. Nxe5 1-0

[Event "25th Chicago Open"]
[Site "Wheeling, IL"]
[Date "2016.05.28"]
[Round "5"]
[White "Kavutskiy, Konstantin"]
[Black "Furfine, Jacob"]
[Result "1-0"]
[WhiteElo "2365"]
[BlackElo "2208"]
[PlyCount "43"]
[EventDate "2016.05.??"]
[EventType "swiss"]
[EventRounds "9"]
[EventCountry "USA"]
[Source "MonRoi"]

1. d4 Nf6 2. c4 e6 3. Nf3 d5 4. Nc3 Be7 5. Bf4 O-O 6. a3 c6 7. e3 Nbd7 8. Qc2
b6 9. cxd5 exd5 10. Bd3 Bb7 11. g4 g6 12. h4 c5 13. h5 Ne4 14. hxg6 hxg6 15.
O-O-O cxd4 16. Nxd4 Rc8 17. Bxe4 dxe4 18. f3 Rxc3 19. bxc3 Bxa3+ 20. Kb1 Qf6
21. Qh2 Rc8 22. Ne6 1-0

[Event "25th Chicago Open"]
[Site "Wheeling, IL"]
[Date "2016.05.28"]
[Round "5"]
[White "Gorti, Akshita"]
[Black "Vibbert, Sean"]
[Result "0-1"]
[WhiteElo "2184"]
[BlackElo "2350"]
[PlyCount "74"]
[EventDate "2016.05.??"]
[EventType "swiss"]
[EventRounds "9"]
[EventCountry "USA"]
[Source "MonRoi"]

1. d4 d5 2. c4 c6 3. Nf3 Nf6 4. e3 Bf5 5. Nc3 e6 6. Nh4 Bg6 7. Nxg6 hxg6 8. Rb1
a6 9. c5 Nbd7 10. b4 Be7 11. g3 e5 12. Bg2 Kf8 13. a4 exd4 14. exd4 b5 15. O-O
Kg8 16. Re1 Nf8 17. Ne2 N6d7 18. Nf4 Bf6 19. Bb2 g5 20. Nxd5 cxd5 21. Bxd5 Ra7
22. axb5 axb5 23. Bc6 Qc7 24. Bxb5 Rb7 25. Qd3 Qb8 26. Bxd7 Rxd7 27. d5 Rd8 28.
Bxf6 gxf6 29. Qf5 Kg7 30. b5 Ng6 31. d6 Rh5 32. Rb2 Rdh8 33. f3 g4 34. Qc2 Ne5
35. Rxe5 Rxe5 36. Qc3 Qe8 37. Rb1 Re2 0-1

[Event "25th Chicago Open"]
[Site "Wheeling, IL"]
[Date "2016.05.28"]
[Round "5"]
[White "Homa, Seth"]
[Black "Myers, Dominique"]
[Result "1-0"]
[WhiteElo "2325"]
[BlackElo "2078"]
[PlyCount "73"]
[EventDate "2016.05.??"]
[EventType "swiss"]
[EventRounds "9"]
[EventCountry "USA"]
[Source "MonRoi"]

1. e4 e5 2. Nf3 Nc6 3. Bb5 a6 4. Ba4 Nf6 5. O-O b5 6. Bb3 Bc5 7. c3 d6 8. a4
Rb8 9. d4 Bb6 10. a5 Nxa5 11. Rxa5 Bxa5 12. dxe5 Ng4 13. Bg5 Qd7 14. e6 fxe6
15. Nd4 e5 16. Nf5 h5 17. Be6 Qxe6 18. Nxg7+ Kf7 19. Nxe6 Bxe6 20. h3 Kg6 21.
Bh4 Bb6 22. hxg4 hxg4 23. g3 Rbf8 24. Kg2 Rf7 25. Qd2 Rhf8 26. Na3 Kh7 27. Bg5
Rf3 28. Nc2 Bb3 29. Ne1 Rxf2+ 30. Rxf2 Rxf2+ 31. Qxf2 Bxf2 32. Kxf2 c6 33. Ke3
Kg6 34. Be7 d5 35. Nd3 dxe4 36. Nxe5+ Kf5 37. Nxc6 1-0

[Event "25th Chicago Open"]
[Site "Wheeling, IL"]
[Date "2016.05.28"]
[Round "5"]
[White "Santarius, Erik"]
[Black "Narayanan, Samrug"]
[Result "1-0"]
[WhiteElo "2302"]
[BlackElo "1788"]
[PlyCount "99"]
[EventDate "2016.05.??"]
[EventType "swiss"]
[EventRounds "9"]
[EventCountry "USA"]
[Source "MonRoi"]

1. d4 d5 2. c4 c6 3. Nf3 Nf6 4. e3 e6 5. b3 Bb4+ 6. Nbd2 Nbd7 7. Bd3 O-O 8. O-O
e5 9. cxd5 cxd5 10. Nxe5 Nxe5 11. dxe5 Bc3 12. Ba3 Re8 13. exf6 Bxa1 14. Qxa1
Qxf6 15. Qxf6 gxf6 16. Nf3 Bd7 17. Nd4 Rac8 18. Bb2 Kg7 19. Nf5+ Bxf5 20. Bxf5
Rc5 21. Bd4 Rc7 22. g4 h6 23. h4 Rg8 24. Kg2 Rc6 25. Kf3 Kf8 26. h5 Ke7 27. Ke2
a5 28. a4 Rb8 29. Bd3 Rbc8 30. Kd2 R8c7 31. f3 Rd6 32. Bc3 b6 33. Bd4 Rc8 34.
Rb1 Rcc6 35. Bb2 Rd8 36. Bb5 Rc7 37. Bd4 Rd6 38. Rd1 Rc8 39. Bb2 Kd8 40. Kd3
Kc7 41. Rc1+ Kb8 42. Rxc8+ Kxc8 43. Be8 f5 44. gxf5 f6 45. Bf7 Kc7 46. Be6 Rc6
47. Bxd5 Rc5 48. e4 b5 49. Ba3 b4 50. Bb2 1-0